| 000 -LEADER |
| fixed length control field |
00576pab a2200205 454500 |
| 008 - FIXED-LENGTH DATA ELEMENTS--GENERAL INFORMATION |
| fixed length control field |
180718b2011 xxu||||| |||| 00| 0 eng d |
| 100 ## - MAIN ENTRY--PERSONAL NAME |
| Personal name |
Kotwal, Ashok |
| 245 ## - TITLE STATEMENT |
| Title |
Economic liberalization and Indian economic growth: What's the evidence? |
| 260 ## - PUBLICATION, DISTRIBUTION, ETC. |
| Date of publication, distribution, etc. |
2011 |
| 300 ## - PHYSICAL DESCRIPTION |
| Extent |
p.1152-1199. |
| 362 ## - DATES OF PUBLICATION AND/OR SEQUENTIAL DESIGNATION |
| Dates of publication and/or sequential designation |
Dec |
| 650 ## - SUBJECT ADDED ENTRY--TOPICAL TERM |
| Topical term or geographic name entry element |
Economic growth - India |
| 650 ## - SUBJECT ADDED ENTRY--TOPICAL TERM |
| Topical term or geographic name entry element |
Economic liberalization - India |
| 650 ## - SUBJECT ADDED ENTRY--TOPICAL TERM |
| Topical term or geographic name entry element |
Economic liberalization |
| 700 ## - ADDED ENTRY--PERSONAL NAME |
| Personal name |
Wadhwa, Wilima |
| 700 ## - ADDED ENTRY--PERSONAL NAME |
| Personal name |
Ramaswami, Bharat |
| 773 ## - HOST ITEM ENTRY |
| Main entry heading |
Journal of Economic Literature |
| 908 ## - PUT COMMAND PARAMETER (RLIN) |
| Put command parameter |
N |
| 909 ## - |
| -- |
95452 |